| 000 | 01142nam a2200265 a 4500 | ||
|---|---|---|---|
| 001 | 84167 | ||
| 003 | BD-RjUL | ||
| 005 | 20241024155856.0 | ||
| 008 | 241024s2017 bg a|||| m||| 00| 0 eng d | ||
| 035 | _a(BD-RjUL)84167 | ||
| 040 |
_aBD-RjUL _beng _cBD-RjUL _dBD-RjUL |
||
| 041 | _aeng | ||
| 082 |
_223 _a338.3727 _bALS 2017 |
||
| 100 |
_aAlam, Md. Bayezid _913937 |
||
| 245 |
_aSafety and Quality Aspects in Dry Fisheries Sector of Chalan Beel, Bangladsh : _bImprove Techniques, Product Promote and Awareness Development / _cMd. Bayezid Alam _6Supervisor : Fawzia Adib Flowra Co-Supervisor : M. Manjurul Alam & M. Afzal Hussain |
||
| 260 |
_aRajshahi : _bDepartment of Fisheries, University of Rajshahi _c2017 |
||
| 300 |
_a[4], xiv, 237 leaves : _bill.; _c29 cm. |
||
| 502 | _aThesis (Ph.D.) -- Department of Fisheries, University of Rajshahi,2017 | ||
| 504 | _aReferences : Leaves 186-223 | ||
| 650 |
_aFisheries _vProducts of fishing _xDry Fish _913938 |
||
| 700 |
_aFlowra, Fawzia Adib, Supervisor _96862 |
||
| 700 |
_aAlam, M. Manjurul, Co-Supervisor _96014 |
||
| 700 |
_aHussain, M. Afzal, Co-Supervisor _913939 |
||
| 942 |
_2ddc _cTHE |
||
| 999 |
_c84167 _d84167 |
||